Statistics for Countries with a 'P' in their name:

Click here to take the quiz!

General Stats

  • This quiz has been taken 77 times
  • The average score is 18 of 23

Answer Stats

HintAnswer% Correct
JJapan
97%
Portugal
93%
Panama
92%
Poland
90%
PPakistan
89%
NNepal
88%
Spain
86%
Peru
86%
Palau
86%
DDemocratic Republic of the Congo
86%
Philippines
85%
Paraguay
84%
Ethiopia
82%
Papua New Guinea
82%
RRepublic of the Congo
82%
Dominican Republic
78%
Czech Republic / Czechia
77%
EEgypt
74%
CCape Verde
68%
Singapore
66%
Central African Republic
64%
SSao Tome and Principe
55%
Cyprus
52%

Score Distribution

Percentile by Number Answered

Percent of People with Each Score

Your Score History

You have not taken this quiz